00890 2200301 4500001002100000005001500021035002000036007000300056008004100059020002200100082001600122084001800138100003000156245007400186250003100260300003000291650002800321264003200349336002100381337003000402338002300432040002200455850001200477090002200489999002200511504003300533990002200566INLIS00000000088281020231026010635 a0010-1023000592ta231026s2023 yoi g | ind d a978-623-02-6837-304223a121.686 a121.686 SIR h3 aSirait, HikmanePengarang10aHermeneutika dasar :baplikasi ke dalam teks pilihan /cHikman Sirait aCetakan Pertama: Juli 2023 axii, 223 halaman ;c20 cm 4aInterpretasi (Filsafat)31aSleman :bDeepublish,c2023 2rdacontentateks 2rdamediaatanpa perantara 2rdacarrieravolume aYOPDYOGbinderda aYOPDYOG aCB-D.11 2023-2701 aCB-D.11/2023-2701 aBibliografi: halaman 219-223 aCB-D.11/2023-2701